00455nam a2200121Ia 4500008004100000100001700041245011900058245003800177260005900215650001800274650001500292856002600307170221s9999 xx 000 0 und d aK. Hashim L. aPerceptions of Social Media Impact on Social Behavior of Students: A Comparison between Arts and Science Faculty  cK. Hashim L., Al-Sharqi I. Kutbi. bOnline Journal of Communication and Media Technologies xCommunication xMedia Arts uhttp://www.ojcmt.net/